|
|
|
|
| LEADER |
00952nab a2200229 i 4500 |
| 001 |
publ22318 |
| 005 |
20211013095133.0 |
| 008 |
210902s2020 hu o 0|| Angol d |
| 022 |
|
|
|a 0168-9789
|
| 024 |
7 |
|
|a 10.1163/15733831-12341736
|2 doi
|
| 024 |
7 |
|
|a 31759554
|2 mtmt
|
| 040 |
|
|
|a SZTE Publicatio Repozitórium
|b hun
|
| 041 |
|
|
|a Angol
|
| 100 |
2 |
|
|a Máté-Tóth András
|
| 245 |
1 |
0 |
|a Wounded Words in a Wounded World
|h [elektronikus dokumentum] :
|b Opportunities for Mission in Central and Eastern Europe Today. /
|c Máté-Tóth András
|
| 260 |
|
|
|c 2020
|
| 300 |
|
|
|a 354-373
|
| 490 |
0 |
|
|a MISSION STUDIES
|v 37 No. 3
|
| 650 |
|
4 |
|a Filozófia, etika és vallástudományok
|
| 856 |
4 |
0 |
|u http://publicatio.bibl.u-szeged.hu/22318/1/MIST-1180_R1.pdf
|z Dokumentum-elérés
|
| 856 |
4 |
0 |
|u http://publicatio.bibl.u-szeged.hu/22318/2/wwwwmist2020.pdf
|z Dokumentum-elérés
|
| 856 |
4 |
0 |
|u http://publicatio.bibl.u-szeged.hu/22318/3/MIST-1180_R2.pdf
|z Dokumentum-elérés
|